000 nam a22 7a 4500
999 _c3673
_d3673
005 20170523150213.0
008 170523b2000 enk||||| |||| 00| 0 eng d
020 _a0751309982
040 _aAKMAL
082 _a686.22544 ETH
090 _a686.22544
_bETH
100 1 0 _aEtherington, Sue.
_96075
245 _aSpreadsheets : |b formatting & printing /
_cSue Etherington
260 _aLondon :
_bDorling Kindersley,
_c 2000
300 _a72 p. :
_bol. ill. ;
_c18 cm
490 1 _aEssential computers
500 _aUsing Microsoft Excel 2000.
500 _aIncludes index.
630 0 4 _aMicrosoft Excel (Computer file)
_96088
650 0 _aBusiness
_xComputer programs.
_97265
650 0 _aElectronic spreadsheets.
_96089
830 0 _aEssential computers
_9789
942 _2ddc
_cBOOK